00295nam a2200121Ia 4500008004100000082001600041100001500057245003900072250000800111260003800119300000800157650000800165191201s2010 xx 000 0 und d a658.15bPOI aPORKODI, S 0aInternational Business Environment a1ST aN. DelhibGlobal Vision Pubc2010 a330 aBBA